[Event "FRA-ch Blitz Online Qual"]
[Site "Europe Echecs INT"]
[Date "2020.05.16"]
[Round "10"]
[White "Bui, Christopher"]
[Black "Sumarriva Paulin, Laura"]
[Result "0-1"]
[WhiteElo "1849"]
[BlackElo "2023"]
[PlyCount "74"]
[EventDate "2020.05.16"]
[EventType "swiss (blitz)"]
[EventRounds "15"]
[EventCountry "FRA"]
[SourceTitle "CBM 196 Extra"]
[Source "ChessBase"]
[SourceDate "2020.07.31"]
[SourceVersion "1"]
[SourceVersionDate "2020.07.31"]
[SourceQuality "1"]

1. c4 e6 2. g3 d5 3. Bg2 Nf6 4. Nf3 c6 5. 0-0 Bd6 6. b3 0-0 7. Bb2 Nbd7 8. d4 b6 9. Nc3 Bb7 10. e3 Rc8 11. Qe2 c5 12. Rac1 Ba6 13. Nb5 Bb8 14. a4 Bb7 15. Rfd1 dxc4 16. bxc4 cxd4 17. exd4 a6 18. Na3 Bd6 19. c5 bxc5 20. dxc5 Bxc5 21. Bxf6 Qxf6 22. Rxd7 Bxa3 23. Rxc8 Bxc8 24. Rd3 Bb4 25. Ne5 Rd8 26. Rxd8+ Qxd8 27. Nc6 Qd6 28. Qc4 Bc5 29. h3 h6 30. Kh2 Bd7 31. Nb8 Bxf2 32. Nxd7 Bxg3+ 33. Kg1 Qxd7 34. Qxa6 Qd1+ 35. Bf1 Qd4+ 36. Kg2 Qf2+ 37. Kh1 Qh2# 0-1

[Event "FRA-ch Blitz Online Qual"]
[Site "Europe Echecs INT"]
[Date "2020.05.16"]
[Round "1"]
[White "Louistisserand, Patrick"]
[Black "Bui, Christopher"]
[Result "1-0"]
[WhiteElo "2245"]
[BlackElo "1849"]
[PlyCount "107"]
[EventDate "2020.05.16"]
[EventType "swiss (blitz)"]
[EventRounds "15"]
[EventCountry "FRA"]
[SourceTitle "CBM 196 Extra"]
[Source "ChessBase"]
[SourceDate "2020.07.31"]
[SourceVersion "1"]
[SourceVersionDate "2020.07.31"]
[SourceQuality "1"]

1. d4 Nf6 2. c4 g6 3. Nc3 d5 4. cxd5 Nxd5 5. e4 Nxc3 6. bxc3 Bg7 7. Be3 0-0 8. Qd2 c5 9. Rc1 cxd4 10. cxd4 Nc6 11. d5 Ne5 12. h3 b6 13. f4 Nd7 14. Nf3 e5 15. dxe6 fxe6 16. Bc4 Nf6 17. Qxd8 Rxd8 18. e5 Nd5 19. Bd2 Bb7 20. Ng5 Re8 21. 0-0 Rad8 22. Rfe1 h6 23. Ne4 Bf8 24. Bxd5 Rxd5 25. Nf6+ Kf7 26. Rc7+ Re7 27. Rxe7+ Bxe7 28. Nxd5 Bxd5 29. Be3 Ke8 30. Rc1 Kd7 31. Rc2 Be4 32. Rd2+ Bd5 33. Kf2 Bb4 34. Rc2 h5 35. g4 hxg4 36. hxg4 Be7 37. Bd4 Be4 38. Re2 Bd5 39. Ke3 Ba3 40. Rh2 Bc1+ 41. Kd3 Bxf4 42. Rh7+ Kc8 43. Rxa7 Bf3 44. Kc4 Bxg4 45. Kb5 Be2+ 46. Kxb6 g5 47. Kc6 Bf3+ 48. Kd6 Bd5 49. a4 g4 50. Rg7 g3 51. a5 g2 52. a6 Bh6 53. Rg8+ Bf8+ 54. Rxf8# 1-0

[Event "FRA-ch Blitz Online Qual"]
[Site "Europe Echecs INT"]
[Date "2020.05.16"]
[Round "11"]
[White "Ragneau, Freddy"]
[Black "Bui, Christopher"]
[Result "0-1"]
[WhiteElo "1859"]
[BlackElo "1849"]
[PlyCount "94"]
[EventDate "2020.05.16"]
[EventType "swiss (blitz)"]
[EventRounds "15"]
[EventCountry "FRA"]
[SourceTitle "CBM 196 Extra"]
[Source "ChessBase"]
[SourceDate "2020.07.31"]
[SourceVersion "1"]
[SourceVersionDate "2020.07.31"]
[SourceQuality "1"]

1. e4 c5 2. Nf3 d6 3. d4 cxd4 4. Nxd4 Nf6 5. Nc3 a6 6. Be2 e5 7. Nb3 Be7 8. 0-0 0-0 9. Be3 Nbd7 10. h3 b5 11. a3 Bb7 12. Bf3 Rc8 13. Rc1 Nb6 14. Nd5 Nfxd5 15. exd5 Nc4 16. Rb1 f5 17. Bc1 e4 18. Be2 Nb6 19. Be3 Nxd5 20. Nd4 Nxe3 21. fxe3 Qd7 22. c3 Bg5 23. Nc2 d5 24. Qe1 Qd6 25. Kh1 Rc7 26. Rd1 Rcf7 27. Qf2 f4 28. exf4 Rxf4 29. Qd4 Rxf1+ 30. Rxf1 Rxf1+ 31. Bxf1 Bf6 32. Qe3 h6 33. Nd4 Kh7 34. Kg1 Bc8 35. Be2 Be5 36. Bg4 Bf4 37. Qe2 Bxg4 38. Qxg4 Be3+ 39. Kh1 Bxd4 40. cxd4 Qf6 41. Qd1 e3 42. Kg1 Qf2+ 43. Kh1 e2 44. Qd3+ Kh8 45. Qg6 e1Q+ 46. Kh2 Qf4+ 47. g3 Qff2# 0-1

[Event "FRA-ch U12"]
[Site "Hyeres"]
[Date "2019.04.16"]
[Round "4"]
[White "Bui, Christopher"]
[Black "Maurizzi, Marc Andria"]
[Result "0-1"]
[WhiteElo "1708"]
[BlackElo "2276"]
[PlyCount "58"]
[EventDate "2019.04.14"]
[EventType "swiss"]
[EventRounds "9"]
[EventCountry "FRA"]
[SourceTitle "CBM 190 Extra"]
[Source "ChessBase"]
[SourceDate "2019.07.15"]
[SourceVersion "1"]
[SourceVersionDate "2019.07.15"]
[SourceQuality "1"]

1. c4 b6 2. g3 Bb7 3. Nf3 f5 4. Bg2 Nf6 5. 0-0 g6 6. b3 Bg7 7. Bb2 0-0 8. e3 e6 9. Qe2 Qe7 10. d4 d6 11. Nc3 Nbd7 12. Rad1 c5 13. Rfe1 Ne4 14. h4 Ndf6 15. Nd2 Nxc3 16. Bxc3 Bxg2 17. Kxg2 Nh5 18. Rh1 f4 19. exf4 cxd4 20. Bb4 Rxf4 21. Kg1 Rff8 22. Ne4 Rad8 23. Ba3 e5 24. Ng5 h6 25. Ne4 Nf6 26. Nxf6+ Qxf6 27. Kg2 Rde8 28. Rhf1 e4 29. Bb2 d3 0-1